| 000 | 00340nam a2200145 i 4500 | ||
|---|---|---|---|
| 001 | 68176 | ||
| 003 | ES-MaACL | ||
| 005 | 20230906170222.0 | ||
| 007 | t| | ||
| 008 | 040610s1933 sp ||||1| spa d | ||
| 245 | 0 | 3 | _aEl garbanzo mexicano en EspaƱa. |
| 260 |
_aMadrid : _b[s.n., _c1933] |
||
| 300 | _a12 p. | ||
| 852 |
_aES-MaACL _j1777-F-22 |
||
| 999 |
_c68176 _d68176 |
||